Zonificación de la amenaza de licuación en la Región Atlántica
Gespeichert in:
| 1. Verfasser: | |
|---|---|
| Format: | Buch |
| Veröffentlicht: |
[San José, Costa Rica]
2003
|
| Schlagworte: | |
| Tags: |
Tag hinzufügen
Keine Tags, Fügen Sie den ersten Tag hinzu!
|
MARC
| LEADER | 00000nam a2200000Ia 4500 | ||
|---|---|---|---|
| 003 | 009144 | ||
| 005 | 20221231144148.0 | ||
| 008 | 140114s2003 cr a m 000 ||s d | ||
| 040 | |c cru CEDI | ||
| 090 | |a TFG 4685 | ||
| 100 | |a Araya Rojas, Andrés F. |9 7034 | ||
| 245 | |a Zonificación de la amenaza de licuación en la Región Atlántica | ||
| 260 | |c 2003 |a [San José, Costa Rica] | ||
| 300 | |a xi, 93, [19] hojas : ilustraciones, mapas (algunos a color) | ||
| 500 | |a Proyecto de graduación (licenciatura en ingeniería civil)--Universidad de Costa Rica. Escuela de Ingeniería Civil | ||
| 650 | |x LICUEFACCION DE SUELOS |x TERREMOTOS |x LIMON (COSTA RICA) |x ESTRATIGRAFIA |x SISTEMAS DE INFORMACION GEOGRAFICA |x DESASTRES NATURALES |x SUELOS ARENOSOS |x GEOMORFOLOGIA |x REGION DEL CARIBE |x MAPAS |9 7036 | ||
| 942 | |c TFG | ||
| 999 | |c 17796 |d 17796 | ||
